[Event "Xtracon Chess Open 2018"]
[Site "Elsinore"]
[Date "2018.07.29"]
[Round "10"]
[White "Bratteteig, Tore-Inge"]
[Black "Nesse, David"]
[Result "0-1"]
[WhiteElo "1585"]
[BlackElo "1825"]
[EventDate "2018.07.21"]
[WhiteFideId "1510711"]
[BlackFideId "1519875"]

1.Nf3 c5 2.c4 Nf6 3.Nc3 e6 4.g3 b6 5.Bg2 Bb7 6.O-O Be7 7.d4 cxd4 8.Nxd4 
Bxg2 9.Kxg2 O-O 10.e4 d6 11.Be3 a6 12.Qe2 Qc7 13.Rac1 Nbd7 14.b4 Rac8 15.
b5 a5 16.Nc6 Ne5 17.Nxe7+ Qxe7 18.Bxb6 Nxc4 19.Na4 d5 20.exd5 Nxd5 21.Rxc4
Qb7 22.Kg1 Nxb6 23.Nxb6 Qxb6 24.a4 Qb7 25.Rfc1 Rxc4 26.Qxc4 Rd8 27.Qc7 
Rd1+ 28.Rxd1 Qxc7 29.Rb1 Qb6 30.Rc1 g6 31.Rc6 Qd8 32.Ra6 Qd1+ 33.Kg2 Qxa4 
34.b6 Qc6+ 35.Kh3 Qb7 36.Rxa5 Qxb6 0-1

[Event "Xtracon Chess Open 2018"]
[Site "Elsinore"]
[Date "2018.07.29"]
[Round "10"]
[White "Kristian, Pade Frederiksen"]
[Black "Shehzad, Alisha"]
[Result "0-1"]
[WhiteElo "1808"]
[BlackElo "1650"]
[EventDate "2018.07.21"]
[WhiteFideId "1435205"]
[BlackFideId "1521926"]

1.d4 d5 2.c4 c6 3.Nf3 Nf6 4.Nc3 e6 5.e3 Nbd7 6.Be2 dxc4 7.Bxc4 b5 8.Bd3 a6
9.O-O Bb7 10.Qe2 c5 11.Rd1 Be7 12.b3 O-O 13.Bb2 Qb6 14.Rac1 Rac8 15.Bb1 
Rfd8 16.Kf1 h6 17.e4 cxd4 18.Nxd4 Nc5 19.f3 b4 20.Na4 Nxa4 21.Rxc8 Rxc8 
22.bxa4 Bc5 23.Nb3 Bf8 24.a5 Qc7 25.g3 Qb8 26.Bd3 Rd8 27.Rc1 Qa7 28.Rc4 
Rc8 29.Bd4 Qa8 30.Nc5 Bxc5 31.Bxc5 Nd7 32.Bxb4 Rxc4 33.Bxc4 Ne5 34.Bb3 Bc6
35.Qc2 Nxf3 36.Qc5 Bxe4 37.Qf2 Bd3+ 38.Kg2 Be4 39.Kf1 Qc6 40.Qc5 Qxc5 41.
Bxc5 Nxh2+ 42.Ke2 Ng4 43.Bc4 Bb7 44.Kd3 Ne5+ 45.Kd4 Nxc4 46.Kxc4 Bd5+ 47.
Kd4 Bxa2 48.Ke5 f6+ 49.Kf4 e5+ 50.Ke4 Bb1+ 51.Ke3 g5 52.g4 Bc2 53.Kf3 Kf7 
54.Ke2 Kg6 55.Kf3 f5 56.gxf5+ Kxf5 57.Kg3 h5 58.Be3 Bd3 59.Bd2 h4+ 60.Kh3 
Bf1+ 61.Kh2 0-1

[Event "Xtracon Chess Open 2018"]
[Site "Elsinore"]
[Date "2018.07.29"]
[Round "10"]
[White "Densing, Gerd"]
[Black "Gaure, Sigurd Lauvas"]
[Result "1-0"]
[WhiteElo "1794"]
[BlackElo "1535"]
[EventDate "2018.07.21"]
[WhiteFideId "24621013"]
[BlackFideId "1524933"]

1.d4 Nf6 2.Nf3 g6 3.Nc3 Bg7 4.e4 d5 5.e5 Ne4 6.Nxe4 dxe4 7.Ng5 f5 8.Bc4 e6
9.Bxe6 Bxe6 10.Nxe6 Qe7 11.Nxg7+ Qxg7 12.Bg5 O-O 13.c3 c6 14.Qb3+ Rf7 15.
e6 1-0

[Event "Xtracon Chess Open 2018"]
[Site "Elsinore"]
[Date "2018.07.29"]
[Round "10"]
[White "Ji, Jiahao Eric"]
[Black "Stochkel, Casper"]
[Result "1-0"]
[WhiteElo "1463"]
[BlackElo "1784"]
[EventDate "2018.07.21"]
[WhiteFideId "1533371"]
[BlackFideId "1426702"]

1.e4 c5 2.Nf3 d6 3.d4 cxd4 4.Nxd4 Nf6 5.Nc3 a6 6.Bg5 Nbd7 7.f4 e6 8.Qf3 
Be7 9.O-O-O Qc7 10.f5 e5 11.Nb3 b5 12.a3 Bb7 13.Bxf6 Nxf6 14.g4 Rc8 15.Bd3
Nd7 16.h4 Nc5 17.Nxc5 Qxc5 18.g5 f6 19.Qh5+ Kd7 20.Qf7 Rcg8 21.Rhg1 Qc8 
22.gxf6 gxf6 23.Qe6+ 1-0

[Event "Xtracon Chess Open 2018"]
[Site "Elsinore"]
[Date "2018.07.29"]
[Round "10"]
[White "Nord, Alexander"]
[Black "Stage, Mathias Juul"]
[Result "1-0"]
[WhiteElo "1763"]
[BlackElo "1447"]
[EventDate "2018.07.21"]
[WhiteFideId "1738135"]
[BlackFideId "1463306"]

1.e4 g6 2.d4 Bg7 3.Nc3 d6 4.Nf3 Nd7 5.Bc4 Ngf6 6.Bxf7+ Kxf7 7.Ng5+ Kg8 8.
Ne6 Qe8 9.Nxc7 Qd8 10.Nxa8 b6 11.Qe2 Bb7 12.Qc4+ Kf8 13.Nc7 1-0

[Event "Xtracon Chess Open 2018"]
[Site "Elsinore"]
[Date "2018.07.29"]
[Round "10"]
[White "Lye, Sverre"]
[Black "Poulsen, Knud"]
[Result "1-0"]
[WhiteElo "1405"]
[BlackElo "1760"]
[EventDate "2018.07.21"]
[WhiteFideId "1539353"]
[BlackFideId "1422324"]

1.e4 d5 2.exd5 Nf6 3.c4 e6 4.dxe6 Bxe6 5.Nf3 Qe7 6.Qe2 Nc6 7.d4 O-O-O 8.d5
Nxd5 9.cxd5 Rxd5 10.Nc3 Rd8 11.Bg5 f6 12.Be3 Qf7 13.a3 Be7 14.g3 Kb8 15.
Rd1 Bb3 16.Rxd8+ Rxd8 17.Nd2 Bc2 18.Qc4 Qg6 19.Nce4 Bd3 20.Bxd3 Ne5 21.Nc5
Rxd3 22.Qe4 Bxc5 23.Qxg6 hxg6 24.Bxc5 Rd5 25.b4 Nd3+ 26.Ke2 Nxc5 27.bxc5 
Rxc5 28.Rd1 Rc2 29.Ra1 b5 30.Kd3 Rc6 31.a4 Rd6+ 32.Kc3 b4+ 33.Kc2 a5 34.
Nc4 Rd5 35.Re1 Rf5 36.f4 g5 37.Re4 gxf4 38.Rxf4 Rc5 39.Kb3 f5 40.h4 Kb7 
41.g4 fxg4 42.Rxg4 Rf5 43.Rxg7 Rf3+ 44.Kb2 Rf2+ 45.Kc1 Rf1+ 46.Kc2 Rf2+ 
47.Kc1 Rf1+ 48.Kc2 Rf2+ 49.Nd2 Rh2 50.Rh7 Kb6 51.h5 c5 52.Rh6+ Kb7 53.Kd3 
Rh3+ 54.Kc4 Rh4+ 55.Kxc5 Kc7 56.Rh7+ Kd8 57.Nb3 Rh3 58.Nxa5 b3 59.Nxb3 
Rxb3 60.a5 Kc8 61.a6 Rc3+ 62.Kd4 Rc1 63.a7 1-0

[Event "Xtracon Chess Open 2018"]
[Site "Elsinore"]
[Date "2018.07.29"]
[Round "10"]
[White "Tolba, Henri"]
[Black "Gade, Jens"]
[Result "1/2-1/2"]
[WhiteElo "1751"]
[BlackElo "1465"]
[EventDate "2018.07.21"]
[WhiteFideId "1418246"]
[BlackFideId "1416111"]

1.d4 Nf6 2.g3 d5 3.Bg2 e6 4.Nf3 Be7 5.O-O O-O 6.Nbd2 Nbd7 7.c4 c6 8.Qc2 b6
9.b3 Bb7 10.Ne5 Nxe5 11.dxe5 Nd7 12.Bb2 Rc8 13.e4 Qc7 14.f4 Bc5+ 15.Kh1 b5
16.a3 a5 17.exd5 cxd5 18.cxb5 Qb6 19.Qd3 Rc7 20.f5 d4 21.Nc4 Bxg2+ 22.Kxg2
Qxb5 23.f6 g6 24.Qd2 Kh8 25.Rf3 Nb6 26.Nxb6 Bxb6 27.Qd3 Qxe5 28.Rd1 Rfc8 
29.Bxd4 Bxd4 30.Qxd4 Rc2+ 31.Kg1 Qxd4+ 32.Rxd4 h5 33.Rfd3 Kh7 34.Rd7 R2c7 
35.h4 Kh6 36.Kf2 g5 37.hxg5+ Kxg5 38.b4 axb4 39.axb4 Kxf6 40.b5 Rxd7 41.
Rxd7 Rb8 42.Rd4 Rxb5 43.Kf3 Rb3+ 44.Kg2 e5 45.Rd6+ Kg5 46.Rd7 Kg6 47.Rc7 
f6 48.Rc8 Rb4 49.Rg8+ Kh7 50.Rf8 Rb6 51.Kh3 e4 52.Re8 f5 53.Kh4 Kg6 54.
Rg8+ Kf7 55.Rg5 Rf6 56.Rxh5 e3 57.Rh7+ Ke6 58.Kg5 e2 59.Rh1 Rf8 60.Re1 
Rg8+ 61.Kf4 Rg4+ 62.Kf3 Re4 63.Rxe2 Rxe2 64.Kxe2 Kf6 65.Kf2 Kg6 66.Ke3 Kh5
67.Kf4 Kg6 68.g4 1/2-1/2

[Event "Xtracon Chess Open 2018"]
[Site "Elsinore"]
[Date "2018.07.29"]
[Round "10"]
[White "Wahlgreen, Noah"]
[Black "Norevall, Ulf"]
[Result "1/2-1/2"]
[WhiteElo "1568"]
[BlackElo "1733"]
[EventDate "2018.07.21"]
[WhiteFideId "1457349"]
[BlackFideId "1705555"]

1.e4 g6 2.d4 Bg7 3.Nf3 d6 4.Nc3 a6 5.Bc4 b5 6.Bb3 Bb7 7.a3 Nd7 8.Ng5 Nh6 
9.Bxf7+ Nxf7 10.Ne6 Qc8 11.Nxg7+ Kf8 12.Ne6+ Kg8 13.O-O Nf6 14.d5 c6 15.
Re1 cxd5 16.exd5 Qc4 17.Qd4 Rc8 18.Qxc4 Rxc4 19.Rd1 Nxd5 20.Nxd5 Bxd5 21.
Rxd5 Re4 22.Be3 Rxe6 23.Bd4 Re2 24.Bxh8 Kxh8 25.Rc1 Kg7 26.Kf1 Re4 27.Re1 
Rc4 28.c3 e5 29.f3 Kf6 30.Re4 Rc6 31.h4 Ke6 32.Rd2 Rc5 33.a4 d5 34.Rb4 Nd6
35.axb5 a5 36.Ra4 Nc4 37.Re2 Rxb5 38.b4 axb4 39.Ra6+ Kf5 40.cxb4 Rxb4 41.
Kf2 h5 42.Ra8 1/2-1/2

[Event "Xtracon Chess Open 2018"]
[Site "Elsinore"]
[Date "2018.07.29"]
[Round "10"]
[White "Kristiansen, Elias V."]
[Black "Falkesgaard, Jeppe Hald"]
[Result "0-1"]
[WhiteElo "1163"]
[BlackElo "1731"]
[EventDate "2018.07.21"]
[WhiteFideId "1530003"]
[BlackFideId "1464981"]

1.d4 Nf6 2.c4 g6 3.Nf3 Bg7 4.Nc3 O-O 5.g3 d6 6.Bg2 c5 7.O-O Nbd7 8.Bg5 h6 
9.Bxf6 Nxf6 10.Qc2 Bd7 11.e3 Rc8 12.Nh4 b6 13.b3 Bc6 14.Bxc6 Rxc6 15.d5 
Rc8 16.Rad1 Qd7 17.Ne4 Ng4 18.a4 Ne5 19.Nd2 Qg4 20.Qe4 Qh5 21.Qg2 f5 22.
Nhf3 Kh8 23.Nxe5 dxe5 24.Qf3 Qxf3 25.Nxf3 e4 26.Nh4 Rf6 27.Ng2 g5 28.h4 
Kh7 29.hxg5 hxg5 30.Ne1 Rd8 31.Nc2 a5 32.Na3 Rfd6 33.Kg2 Kg6 34.f4 g4 35.
Rh1 e6 36.Nb5 R6d7 37.d6 Bf8 38.Rd2 Bg7 39.Rhd1 e5 40.fxe5 Bxe5 41.Nc7 Rh8
42.Rh1 Rxh1 43.Kxh1 Rxd6 44.Rxd6+ Bxd6 45.Nd5 Bxg3 46.Kg2 Be5 47.Nxb6 f4 
48.exf4 Bxf4 49.Nd5 Bd6 50.Ne3 Kg5 51.Kf2 Be5 52.Kg2 Bf4 53.Nd5 Bd2 54.Kf2
Kh4 55.Kg2 Bg5 56.Nc3 e3 57.Ne2 Be7 58.Nf4 Bf6 59.Ne2 Be5 60.Nc1 g3 61.Nd3
Bd4 62.Kf3 Kh3 63.Nf4+ Kh2 64.Ng2 e2 65.b4 cxb4 66.c5 Bxc5 67.Ne1 Bf2 0-1

[Event "Xtracon Chess Open 2018"]
[Site "Elsinore"]
[Date "2018.07.29"]
[Round "10"]
[White "Jorgensen, Orla Eilegaard"]
[Black "Christensen, Benny"]
[Result "0-1"]
[WhiteElo "1639"]
[BlackElo "1754"]
[EventDate "2018.07.21"]
[WhiteFideId "1413368"]
[BlackFideId "1429949"]

1.e4 c5 2.Nf3 d6 3.c3 Nf6 4.Qc2 Bg4 5.Be2 e5 6.h3 Bh5 7.d3 Be7 8.Bg5 Nc6 
9.a4 h6 10.Be3 Rc8 11.Nbd2 O-O 12.g4 Bg6 13.g5 hxg5 14.Nxg5 Nh5 15.h4 a5 
16.Qd1 Nf4 17.Bxf4 exf4 18.Ndf3 Ne5 19.Qd2 Nxf3+ 20.Nxf3 Qb6 21.h5 Bh7 22.
h6 g6 23.O-O-O Qb3 24.Qxf4 Qxa4 25.Ng5 Qe8 26.Rdg1 d5 27.Bg4 Rc6 28.exd5 
Rf6 29.Qd2 Qd8 30.c4 Bd6 31.Nh3 Be5 32.Re1 Bd4 33.f4 Rb6 34.Qxa5 Bxb2+ 35.
Kc2 Bd4 36.Qa4 Rb4 37.Qa3 Rb2+ 38.Kc1 Qa8 39.Qxb2 Bxb2+ 40.Kxb2 Qd8 41.Ng5
Qf6+ 42.Kb3 Qxf4 43.Nxh7 Kxh7 44.Re4 Qd2 45.Be2 Qb4+ 46.Kc2 Ra8 47.Rb1 
Ra2+ 48.Kc1 Qd2# 0-1

[Event "Xtracon Chess Open 2018"]
[Site "Elsinore"]
[Date "2018.07.29"]
[Round "10"]
[White "Christiansen, Torsten Sundgaar"]
[Black "Rasmussen, Ole"]
[Result "1-0"]
[WhiteElo "1722"]
[BlackElo "1577"]
[EventDate "2018.07.21"]
[WhiteFideId "1419714"]
[BlackFideId "1417118"]

1.Nf3 Nf6 2.b3 e5 3.Nxe5 d6 4.Nf3 Be7 5.Bb2 O-O 6.e3 Bf5 7.Be2 Nc6 8.O-O 
Nb4 9.d3 d5 10.Nbd2 c5 11.a3 Nc6 12.Rc1 Rc8 13.c4 b6 14.cxd5 Nxd5 15.e4 
Nf4 16.exf5 Nxd3 17.Bxd3 Qxd3 18.Qc2 Rcd8 19.Rfe1 Bg5 20.Nxg5 Qxd2 21.Ne4 
Qf4 22.g3 Qh6 23.Rcd1 Rd4 24.Bxd4 Nxd4 25.Rxd4 cxd4 26.Rd1 Qh5 27.Rxd4 
Qxf5 28.Rd6 Re8 1-0

[Event "Xtracon Chess Open 2018"]
[Site "Elsinore"]
[Date "2018.07.29"]
[Round "10"]
[White "Wiberg, Jonas"]
[Black "Starup, Leo"]
[Result "1/2-1/2"]
[WhiteElo "1715"]
[BlackElo "1562"]
[EventDate "2018.07.21"]
[WhiteFideId "1720090"]
[BlackFideId "1422669"]

1.d4 Nf6 2.Nf3 e6 3.Bg5 Be7 4.e3 d6 5.Bd3 Bd7 6.O-O Bc6 7.Nbd2 Nbd7 8.e4 
O-O 9.Re1 Re8 10.c3 h6 11.Be3 a5 12.h3 b6 13.Qc2 Bb7 14.c4 Nf8 15.Rac1 Rc8
16.a3 c6 17.Qb3 c5 18.dxc5 dxc5 19.e5 N6d7 20.Rcd1 Qc7 21.Bf4 Nb8 22.Ne4 
Bxe4 23.Bxe4 Nc6 24.Bg3 Red8 25.Rxd8 Rxd8 26.Rd1 Rxd1+ 27.Qxd1 Nd7 28.Bxc6
1/2-1/2

[Event "Xtracon Chess Open 2018"]
[Site "Elsinore"]
[Date "2018.07.29"]
[Round "10"]
[White "Sundin, Sven-Ingvar"]
[Black "Horslund, Mikael"]
[Result "0-1"]
[WhiteElo "1567"]
[BlackElo "1714"]
[EventDate "2018.07.21"]
[WhiteFideId "1724517"]
[BlackFideId "1421042"]

1.e4 d5 2.exd5 Qxd5 3.Nc3 Qd6 4.d4 c6 5.Bc4 Nf6 6.h3 Bf5 7.Nf3 e6 8.O-O h6
9.Be3 Nbd7 10.Qd2 g5 11.Ne5 Nxe5 12.dxe5 Qxd2 13.Bxd2 Nd7 14.f4 O-O-O 15.
Be3 Bc5 16.Bxc5 Nxc5 17.b4 Nd7 18.Bb3 gxf4 19.Rae1 Nb6 20.Re2 Rd4 21.a3 
Rg8 22.Kh2 Rg3 23.Rxf4 Rxh3+ 24.gxh3 Rxf4 25.Rg2 Rf3 26.Rg3 Rf1 27.Rg8+ 
Kc7 28.Rh8 Rf3 29.Nd1 Rxh3+ 30.Kg2 Nd5 31.Nf2 Nf4+ 32.Kf1 Rh4 33.Re8 Ng6 
34.Rg8 Nxe5 0-1

[Event "Xtracon Chess Open 2018"]
[Site "Elsinore"]
[Date "2018.07.29"]
[Round "10"]
[White "Madison, Sigurd"]
[Black "Damm, Henrik"]
[Result "0-1"]
[WhiteElo "1704"]
[BlackElo "1567"]
[EventDate "2018.07.21"]
[WhiteFideId "1711806"]
[BlackFideId "1425013"]

1.e4 c5 2.Nf3 Nc6 3.d4 cxd4 4.Nxd4 g6 5.c3 Bg7 6.Be3 d6 7.Be2 Nf6 8.f3 Bd7
9.O-O O-O 10.Nd2 a6 11.Kh1 Rc8 12.Bg1 b5 13.f4 e5 14.Nxc6 Bxc6 15.Qc2 exf4
16.Rad1 Re8 17.Bd3 Nh5 18.Bf2 Qc7 19.Nf3 Qb7 20.Rde1 Nf6 21.Ng5 Rc7 22.Bd4
Rce7 23.Rxf4 Nh5 24.Rff1 h6 25.Nf3 Nf4 26.Bxg7 Kxg7 27.Nd2 Nxd3 28.Qxd3 
Re6 29.Qd4+ Kg8 30.Rf4 f5 31.Ref1 Bxe4 32.Nxe4 Rxe4 33.Qxd6 R8e6 34.Qd8+ 
Re8 35.Qf6 R8e6 36.Qd8+ Re8 37.Qf6 R8e6 38.Qh4 g5 39.Qg3 Re3 40.R4f3 f4 
41.Qh3 Rxf3 42.gxf3 Kg7 43.Qg4 Re3 44.h4 Qe7 45.hxg5 hxg5 46.Rf2 Kg6 47.
Rg2 Re1+ 48.Kh2 Kh6 49.Qc8 Qf7 50.Qxa6+ Kh7 51.Rxg5 Re2+ 52.Kh3 Qd7+ 53.
Rg4 Re6 54.Qxe6 Qxe6 55.b3 Qe3 56.Rh4+ Kg6 57.Kg4 Qg1+ 58.Kxf4 Qg5+ 0-1

[Event "Xtracon Chess Open 2018"]
[Site "Elsinore"]
[Date "2018.07.29"]
[Round "10"]
[White "Stage-Steffensen, Theo"]
[Black "Emborg, Jens"]
[Result "1-0"]
[WhiteElo "1697"]
[BlackElo "1545"]
[EventDate "2018.07.21"]
[WhiteFideId "1455818"]
[BlackFideId "1437534"]

1.e4 e6 2.d3 d5 3.Nd2 Nf6 4.Ngf3 c5 5.g3 Nc6 6.Bg2 dxe4 7.dxe4 e5 8.O-O h6
9.Re1 Be6 10.c3 Be7 11.Qe2 O-O 12.Nc4 Qc7 13.Bd2 Rad8 14.Rad1 Rd7 15.b3 
Rfd8 16.Ncxe5 Nxe5 17.Nxe5 Qxe5 18.f4 Qc7 19.f5 Rxd2 20.Rxd2 Bc8 21.Rxd8+ 
Qxd8 22.e5 Nh7 23.f6 Bf8 24.Rd1 Qb6 25.fxg7 Bxg7 26.Rd6 Qc7 27.Qb5 Be6 28.
Bd5 Bxe5 29.Qe8+ Nf8 30.Rd8 Bg7 31.Bxe6 fxe6 32.Qxe6+ Kh8 33.Rc8 Qa5 34.
Qf7 Qxc3 35.Rxf8+ Bxf8 36.Qxf8+ Kh7 37.Qf5+ Kh8 38.Qc8+ Kh7 39.Qxb7+ Qg7 
40.Qxg7+ Kxg7 41.Kf2 Kf6 42.h4 Kf5 43.Kf3 h5 44.Kf2 a5 45.Kf3 a4 46.Ke3 
axb3 47.axb3 Kg4 48.Kf2 Kf5 49.Kf3 1-0

[Event "Xtracon Chess Open 2018"]
[Site "Elsinore"]
[Date "2018.07.29"]
[Round "10"]
[White "Larsen, Mette Dalsgaard"]
[Black "Tarakanov, Vladislav"]
[Result "0-1"]
[WhiteElo "1682"]
[BlackElo "1380"]
[EventDate "2018.07.21"]
[WhiteFideId "1430718"]
[BlackFideId "54149010"]

1.d4 e6 2.c4 d5 3.Nf3 Nf6 4.cxd5 exd5 5.Bf4 Be7 6.e3 c6 7.Bd3 O-O 8.h3 
Nbd7 9.O-O Re8 10.Nbd2 Nf8 11.Ne5 Ng6 12.Bh2 Bd6 13.Ndf3 Nd7 14.Nxg6 Bxh2+
15.Kxh2 hxg6 16.Rc1 Kh7 17.g3 Rh8 18.Kg2 Kg8 19.Rh1 Qe7 20.Bb1 Nf6 21.Qe2 
Ne4 22.Rh2 Bd7 23.Ne5 Bf5 24.g4 Be6 25.f3 Ng5 26.h4 Nh7 27.Rch1 Nf6 28.a3 
Nd7 29.Nd3 Nb6 30.Nf4 Nc4 31.Nxe6 Qxe6 32.Kf2 Re8 33.Re1 Qe7 34.Bd3 Rxh4 
35.Rg2 Nd6 36.Qc2 Qf6 37.Qc3 Ne4+ 38.Bxe4 dxe4 39.g5 Qxf3+ 0-1

[Event "Xtracon Chess Open 2018"]
[Site "Elsinore"]
[Date "2018.07.29"]
[Round "10"]
[White "Rasmussen, Henning"]
[Black "Keymer, Cecilia"]
[Result "1/2-1/2"]
[WhiteElo "1682"]
[BlackElo "1380"]
[EventDate "2018.07.21"]
[WhiteFideId "1410962"]
[BlackFideId "16233468"]

1.d4 d5 2.c4 c6 3.cxd5 cxd5 4.Nf3 Nc6 5.Nc3 Nf6 6.a3 a6 7.Bf4 Bf5 8.e3 h6 
9.h3 e6 10.Bd3 Bxd3 11.Qxd3 Bd6 12.Bxd6 Qxd6 13.O-O g5 14.b4 Rg8 15.e4 
dxe4 16.Nxe4 1/2-1/2

[Event "Xtracon Chess Open 2018"]
[Site "Elsinore"]
[Date "2018.07.29"]
[Round "10"]
[White "Sorokin, Artem"]
[Black "Fjallheim, Benjamin Reinert"]
[Result "1-0"]
[WhiteElo "1660"]
[BlackElo "1375"]
[EventDate "2018.07.21"]
[WhiteFideId "44133561"]
[BlackFideId "7202008"]

1.e4 e5 2.Nf3 Nc6 3.d4 exd4 4.Nxd4 Bc5 5.Be3 Qf6 6.c3 Nge7 7.Bc4 d6 8.O-O 
Ne5 9.Be2 Be6 10.Nb5 O-O-O 11.Bd4 Qf4 12.Nd2 f5 13.b4 Bxd4 14.cxd4 fxe4 
15.dxe5 dxe5 16.Qc2 c6 17.Nxe4 Kb8 18.Nbd6 Nf5 19.Rad1 Nxd6 20.Rxd6 Bxa2 
21.g3 Qf5 22.Bd3 Rxd6 23.Nxd6 Qe6 24.Nc4 Bxc4 25.Bxc4 Qd6 26.Qc3 Qd4 27.
Qxd4 exd4 28.Rd1 Rd8 29.Kf1 b6 30.Ke2 c5 31.b5 Kc8 32.Kd2 Rf8 33.f4 g5 34.
f5 g4 35.Re1 Kc7 36.Re7+ Kd6 37.Re6+ Kc7 38.Re7+ Kd6 39.Re6+ Kc7 40.f6 Kd8
41.Rd6+ Kc7 42.Re6 Kd8 43.Rd6+ Kc7 44.Rc6+ Kd7 1-0

[Event "Xtracon Chess Open 2018"]
[Site "Elsinore"]
[Date "2018.07.29"]
[Round "10"]
[White "Joensen, Sigurd"]
[Black "Langvik, Ulrikke"]
[Result "0-1"]
[WhiteElo "1515"]
[BlackElo "1640"]
[EventDate "2018.07.21"]
[WhiteFideId "7200935"]
[BlackFideId "1517910"]

1.e4 e6 2.Nc3 d5 3.exd5 exd5 4.Bb5+ c6 5.Be2 Bd6 6.d4 Ne7 7.Nf3 O-O 8.O-O 
Qc7 9.h3 f6 10.Bd3 Bf5 11.a3 Nd7 12.Re1 Bxd3 13.Qxd3 Rfe8 14.b4 Ng6 15.Bd2
Nb6 16.Re2 Nc4 17.Rxe8+ Rxe8 18.Be3 a5 19.b5 Bxa3 20.bxc6 Qxc6 21.Nxd5 Bb2
22.Ra4 Qxa4 0-1

[Event "Xtracon Chess Open 2018"]
[Site "Elsinore"]
[Date "2018.07.29"]
[Round "10"]
[White "Gabrielsen, Rasmus Arvola"]
[Black "Naesborg, Jens-Ole"]
[Result "1/2-1/2"]
[WhiteElo "1546"]
[BlackElo "1866"]
[EventDate "2018.07.21"]
[WhiteFideId "1531190"]
[BlackFideId "1443577"]

1.e4 Nc6 2.Nf3 e5 3.d4 exd4 4.Bc4 Qe7 5.O-O d6 6.Nxd4 Ne5 7.Be2 Bd7 8.Nc3 
c6 9.Be3 Nf6 10.Nf3 Nxf3+ 11.Bxf3 Be6 12.a4 Qc7 13.Re1 Be7 14.a5 O-O 15.a6
b6 16.Bf4 Rad8 17.e5 dxe5 18.Bxe5 Qc8 19.Qe2 Nd7 20.Bg3 Rfe8 21.Qf1 Bb4 
22.Red1 b5 23.Be2 Bxc3 24.bxc3 Bd5 25.c4 bxc4 26.Bxc4 Nb6 27.Bd3 Qg4 28.h3
Qg5 29.Re1 Nd7 30.Rxe8+ Rxe8 31.Rb1 Nc5 32.Rb7 f5 33.Rb8 Rxb8 34.Bxb8 Nxd3
35.cxd3 1/2-1/2

[Event "Xtracon Chess Open 2018"]
[Site "Elsinore"]
[Date "2018.07.29"]
[Round "10"]
[White "Nielsen, Leo Kresten Roland"]
[Black "Kharraziha, Hamid"]
[Result "0-1"]
[WhiteElo "1653"]
[BlackElo "1502"]
[EventDate "2018.07.21"]
[WhiteFideId "1426095"]
[BlackFideId "1726862"]

1.e4 e5 2.Nf3 Nc6 3.c3 d5 4.exd5 Qxd5 5.b3 Nf6 6.Bc4 Qe4+ 7.Qe2 Qxe2+ 8.
Bxe2 e4 9.Nd4 Nxd4 10.cxd4 Bb4 11.Ba3 a5 12.O-O O-O 13.d3 Bf5 14.Bxb4 axb4
15.dxe4 Bxe4 16.Nd2 Rfd8 17.f3 Bf5 18.Nc4 Rxd4 19.Rfc1 Rd7 20.g4 Be6 21.
Rc2 Nd5 22.Kf2 f6 23.h4 Nc3 24.a3 b5 25.Nd2 Nxe2 26.Kxe2 bxa3 27.g5 fxg5 
28.hxg5 Bd5 29.Rc5 c6 30.Rc3 b4 31.Re3 Kf7 32.Kf2 Re8 33.Rxe8 Kxe8 34.Ra2 
Kf7 35.f4 Kg6 36.Ra1 Kf5 37.Kg3 Re7 38.Nf1 Re2 39.Rc1 a2 40.Kh3 Rb2 41.
Ng3+ Kg6 42.Kg4 Rb1 43.f5+ Kf7 44.g6+ hxg6 45.Ne2 Rxc1 46.Nxc1 a1=Q 0-1

[Event "Xtracon Chess Open 2018"]
[Site "Elsinore"]
[Date "2018.07.29"]
[Round "10"]
[White "Fjallheim, Elmar Reinert"]
[Black "Stromhaug, Kristoffer Wang"]
[Result "0-1"]
[WhiteElo "1635"]
[BlackElo "1502"]
[EventDate "2018.07.21"]
[WhiteFideId "7201095"]
[BlackFideId "1533401"]

1.e4 d5 2.exd5 Qxd5 3.Nc3 Qa5 4.d4 Nf6 5.Nf3 c6 6.Bc4 Bf5 7.Ne5 e6 8.g4 
Be4 9.O-O h6 10.Bd2 Qc7 11.Nxe4 Nxe4 12.Bf4 Bd6 13.Qe2 Ng5 14.h4 Nh3+ 15.
Kh1 Nxf4 16.Qe4 Bxe5 17.dxe5 Nd5 18.Rad1 Nd7 19.f4 Qd8 20.g5 hxg5 21.fxg5 
Qxg5 0-1

[Event "Xtracon Chess Open 2018"]
[Site "Elsinore"]
[Date "2018.07.29"]
[Round "10"]
[White "Svane, Freja"]
[Black "Hina, Ariza"]
[Result "1-0"]
[WhiteElo "1608"]
[BlackElo "1483"]
[EventDate "2018.07.21"]
[WhiteFideId "12940100"]
[BlackFideId "1525441"]

1.d4 d5 2.c4 c6 3.Nc3 Nf6 4.Nf3 Nbd7 5.Bf4 e6 6.e3 Be7 7.Bd3 dxc4 8.Bxc4 
b5 9.Be2 a6 10.a3 c5 11.O-O Bb7 12.dxc5 Nxc5 13.b4 Nce4 14.Rc1 O-O 15.Nxe4
Bxe4 16.Nd4 Rc8 17.h3 Qb6 18.Qd2 Nd5 19.Bg3 Bd6 20.Bxd6 Qxd6 21.Nb3 Qb6 
22.Nc5 Bg6 23.Nd7 Qb7 24.Nxf8 Kxf8 25.Bf3 Re8 26.Rc5 Qe7 27.Bxd5 exd5 28.
Qxd5 Rd8 29.Rd1 Rxd5 30.Rc8+ Qe8 31.Rxe8+ Kxe8 32.Rxd5 Ke7 33.Rc5 Kd7 34.
Kh2 Be4 35.Kg3 g6 36.h4 h5 37.Kh2 Bf5 38.g3 Be6 39.Kg1 Bh3 40.Kh2 Be6 41.
Kg2 Kd6 42.Kf3 Kd7 43.Ke4 Kd6 44.Kd4 Kd7 45.Ke5 Bc4 46.Kd4 Be6 47.Ke4 Kd6 
48.Kd4 Kd7 49.Ke5 Bc4 50.Kf6 Be6 51.Re5 Kd6 52.Rxe6+ 1-0

[Event "Xtracon Chess Open 2018"]
[Site "Elsinore"]
[Date "2018.07.29"]
[Round "10"]
[White "Jensen, Hans Askov"]
[Black "Lalla, Karol"]
[Result "1-0"]
[WhiteElo "1473"]
[BlackElo "1580"]
[EventDate "2018.07.21"]
[WhiteFideId "1419889"]
[BlackFideId "12947407"]

1.e4 d5 2.exd5 Nf6 3.d4 Qxd5 4.Nc3 Qd8 5.Nf3 Bg4 6.h3 Bh5 7.Be2 Nbd7 8.O-O
e6 9.Bg5 Be7 10.Re1 c6 11.Ne5 Bxe2 12.Qxe2 O-O 13.Rad1 Re8 14.Ne4 Nxe4 15.
Bxe7 Qxe7 16.Qxe4 Nf6 17.Qd3 Rad8 18.c3 Nd5 19.Qg3 Qc7 20.Rd3 f6 21.Ng4 
Qxg3 22.Rxg3 h5 23.Ne3 Nf4 24.Nc2 Kf7 25.Rf3 g5 26.h4 Kg6 27.hxg5 fxg5 28.
g3 Nh3+ 29.Kf1 g4 30.Rfe3 Ng5 31.Re5 Kf6 32.R1e2 Re7 33.Ne1 Rd5 34.Kg2 
Red7 35.f4 gxf3+ 36.Nxf3 Nxf3 37.Rxe6+ Kg5 38.Kxf3 Rf7+ 39.Kg2 Rdf5 40.
R6e5 Kg6 41.Rxf5 Rxf5 42.Re7 Rb5 43.b3 a5 44.Re5 Rxe5 45.dxe5 Kf5 46.Kh3 
Kxe5 47.Kh4 Kf6 48.Kxh5 Kg7 49.g4 c5 50.c4 Kg8 51.Kg5 Kf7 52.Kh6 Kg8 53.g5
Kh8 54.Kg6 Kg8 55.a3 b5 56.cxb5 a4 57.bxa4 c4 58.b6 c3 59.b7 Kf8 60.b8=Q+ 
Ke7 1-0

[Event "Xtracon Chess Open 2018"]
[Site "Elsinore"]
[Date "2018.07.29"]
[Round "10"]
[White "Madsen, Dennis"]
[Black "O`gorman, Pipa"]
[Result "1-0"]
[WhiteElo "1578"]
[BlackElo "1231"]
[EventDate "2018.07.21"]
[WhiteFideId "1425919"]
[BlackFideId "45171637"]

1.d4 d5 2.e4 dxe4 3.Nc3 Nf6 4.f3 exf3 5.Nxf3 Bg4 6.Bc4 e6 7.O-O Bd6 8.Qe1 
O-O 9.Bg5 Nc6 10.Bxf6 Qxf6 11.Ne4 Qh6 12.Nxd6 Bxf3 13.Rxf3 cxd6 14.c3 Rac8
15.Bd3 a6 16.Rh3 Qg5 17.Bxh7+ Kh8 18.Bc2+ Kg8 19.Qe2 Ne7 20.Bh7+ Kh8 21.
Rf1 g6 22.Bxg6+ Kg7 23.Rg3 Qxg6 24.Rxg6+ Nxg6 25.Qf3 Rb8 26.Qf6+ Kh7 27.h4
Nh8 28.g4 Rg8 29.g5 Rg7 30.Qh6+ Kg8 31.Qf6 Rh7 32.Rf4 Ng6 33.Rf2 Nxh4 34.
Rh2 Ng6 35.Rxh7 Kxh7 36.Qxf7+ Kh8 37.Qxg6 b5 38.Qh6+ Kg8 39.Qxe6+ Kf8 40.
Qxd6+ Kg8 41.Qxb8+ 1-0

[Event "Xtracon Chess Open 2018"]
[Site "Elsinore"]
[Date "2018.07.29"]
[Round "10"]
[White "Nielsen, Kai Gylling"]
[Black "Morling, Aase"]
[Result "1-0"]
[WhiteElo "1813"]
[BlackElo "1476"]
[EventDate "2018.07.21"]
[WhiteFideId "1406400"]
[BlackFideId "1440993"]

1.c4 Nf6 2.Nf3 e6 3.g3 Nc6 4.Bg2 Be7 5.Nc3 O-O 6.d4 Bb4 7.O-O Bxc3 8.bxc3 
d5 9.c5 b6 10.cxb6 axb6 11.Qc2 h6 12.Re1 Bb7 13.Nd2 Na5 14.Rb1 Ba6 15.e4 
Nc4 16.e5 Nxd2 17.Qxd2 Nd7 18.f4 Re8 19.f5 Bc4 20.f6 Rxa2 21.Qf4 g5 22.Qg4
Kh7 23.Qh5 Rg8 24.Qxf7+ Kh8 25.Qxe6 Qe8 26.Qh3 Kh7 27.Qf5+ Kh8 28.e6 Re2 
29.Rxe2 Bxe2 30.f7 Qf8 31.fxg8=Q+ Kxg8 32.Qxf8+ Nxf8 33.Bxd5 Ng6 34.Rb2 
Bd3 35.Rf2 Ne7 36.Bb3 Bg6 37.Ba3 Nf5 38.Rxf5 Bxf5 39.e7+ 1-0

[Event "Xtracon Chess Open 2018"]
[Site "Elsinore"]
[Date "2018.07.29"]
[Round "10"]
[White "Harders, Poul Erik"]
[Black "Ji, Jiabao Eivind"]
[Result "0-1"]
[WhiteElo "1693"]
[BlackElo "1250"]
[EventDate "2018.07.21"]
[WhiteFideId "1416251"]
[BlackFideId "1540882"]

1.d4 Nf6 2.c4 g6 3.Nc3 d5 4.cxd5 Nxd5 5.Nf3 Bg7 6.Qb3 Nb6 7.Bg5 Be6 8.Qd1 
Nc6 9.e3 h6 10.Bf4 O-O 11.Be2 Nd5 12.Bg3 Qd7 13.O-O Nb6 14.b3 Nd5 15.Rc1 
Nxc3 16.Rxc3 Kh7 17.a3 a5 18.Bc4 Bxc4 19.Rxc4 Rfd8 20.Qc2 e6 21.Rc5 Rac8 
22.Ne5 Nxe5 23.Bxe5 Bxe5 24.Rxe5 b6 25.Qc4 Kg7 26.Rc1 Qe7 27.a4 Qd6 28.h4 
Re8 29.d5 Qxe5 30.dxe6 Qxe6 31.Qd4+ Qe5 32.Qd7 Qd6 33.Qg4 Qb4 34.Qf3 Qxh4 
35.Rc4 0-1